000 00287nam a22001337a 4500
008 170911b xxu||||| |||| 00| 0 eng d
020 _a9780716728368
041 _aeng
080 _a91
100 _a42
101 _aGJEO
245 _aUNDERSTANDING EARTH
_cPRESS, F
942 _2udc
_cBK
999 _c26959
_d26959